ARRUPE JESUIT UNIVERSITY

CORONAVIRUS -STOP THE SPREAD - CLEAN,DISINFECT,COVER

Analyses of theories and methods of physics and psychology / (Record no. 123418)

MARC details
000 -LEADER
fixed length control field 01633cam a2200409 a 4500
001 - CONTROL NUMBER
control field 1186941
003 - CONTROL NUMBER IDENTIFIER
control field ARRUPE
005 - DATE AND TIME OF LATEST TRANSACTION
control field 20150923082341.0
008 - FIXED-LENGTH DATA ELEMENTS--GENERAL INFORMATION
fixed length control field 791015s1970 mnua 000 0 eng d
010 ## - LIBRARY OF CONGRESS CONTROL NUMBER
LC control number 57012861
015 ## - NATIONAL BIBLIOGRAPHY NUMBER
National bibliography number C73-1169-0
020 ## - INTERNATIONAL STANDARD BOOK NUMBER
International Standard Book Number 0816605912 :
035 ## - SYSTEM CONTROL NUMBER
System control number (OCoLC)ocm05526779
035 ## - SYSTEM CONTROL NUMBER
System control number (NNC)1186941
040 ## - CATALOGING SOURCE
Original cataloging agency COO
Transcribing agency COO
Modifying agency TOL
-- NLC
-- NLM
-- BLC
-- PIT
-- UPM
-- ZCU
050 ## - LIBRARY OF CONGRESS CALL NUMBER
Classification number Q175
Item number A532 1970
082 ## - DEWEY DECIMAL CLASSIFICATION NUMBER
Classification number 501
300 ## - PHYSICAL DESCRIPTION
Other physical details ill. ;
Dimensions 24 cm.
100 ## - MAIN ENTRY--PERSONAL NAME
Personal name Radner, Michael.
9 (RLIN) 19914
245 00 - TITLE STATEMENT
Title Analyses of theories and methods of physics and psychology /
Statement of responsibility, etc edited by Michael Radner and Stephen Winokur for the Minnesota Center for Philosophy of Science.
260 ## - PUBLICATION, DISTRIBUTION, ETC. (IMPRINT)
Place of publication, distribution, etc Minneapolis, Minn. :
Name of publisher, distributor, etc University of Minnesota Press,
Date of publication, distribution, etc 1970.
300 ## - PHYSICAL DESCRIPTION
Extent ix, 441 p. :
490 1# - SERIES STATEMENT
Series statement Minnesota studies in the philosophy of science ;
Volume number/sequential designation v. 4
500 ## - GENERAL NOTE
General note The first group of papers presented here evolved from a conference held in May, 1966 at the Minnesota Center for Philosophy of Science; the second group from essays by the staff of the Center and its visitors during 1969-70.
504 ## - BIBLIOGRAPHY, ETC. NOTE
Bibliography, etc Includes bibliography and indexes.
650 #5 - SUBJECT ADDED ENTRY--TOPICAL TERM
Topical term or geographic name as entry element Science
General subdivision Philosophy.
9 (RLIN) 19915
650 #5 - SUBJECT ADDED ENTRY--TOPICAL TERM
Topical term or geographic name as entry element Psychology
9 (RLIN) 20
650 #6 - SUBJECT ADDED ENTRY--TOPICAL TERM
Topical term or geographic name as entry element Sciences
General subdivision Philosophie.
9 (RLIN) 19916
650 #6 - SUBJECT ADDED ENTRY--TOPICAL TERM
Topical term or geographic name as entry element Psychologie
General subdivision Méthodologie.
9 (RLIN) 19917
650 #2 - SUBJECT ADDED ENTRY--TOPICAL TERM
Topical term or geographic name as entry element Science.
9 (RLIN) 2892
650 #2 - SUBJECT ADDED ENTRY--TOPICAL TERM
Topical term or geographic name as entry element Physics.
9 (RLIN) 2736
650 #2 - SUBJECT ADDED ENTRY--TOPICAL TERM
Topical term or geographic name as entry element Psychology.
9 (RLIN) 20
700 1# - ADDED ENTRY--PERSONAL NAME
Personal name Radner, Michael.
9 (RLIN) 19914
Relator term ed.
700 1# - ADDED ENTRY--PERSONAL NAME
Personal name Winokur, Stephen,
Dates associated with a name 1941-
9 (RLIN) 19918
Relator term ed.
830 #0 - SERIES ADDED ENTRY--UNIFORM TITLE
Uniform title Minnesota studies in the philosophy of science ;
Volume number/sequential designation v. 4.
9 (RLIN) 19919
942 ## - ADDED ENTRY ELEMENTS (KOHA)
Source of classification or shelving scheme Library of Congress Classification
Koha item type Monograph ( Printed materials)
Holdings
Withdrawn status Lost status Source of classification or shelving scheme Damaged status Not for loan Collection code Home library Current library Shelving location Date acquired Total Checkouts Full call number Barcode Date last seen Price effective from Koha item type
    Library of Congress Classification     Main Collection ARRUPE LIBRARY ARRUPE LIBRARY Main Collection 15/09/2015   Q175.A532 1970 46500005382 03/07/2019 15/09/2015 Monograph ( Printed materials)

 

Arrupe Library. PO Box MP320 Mt Pleasant, Harare, Zimbabwe
263 242 745411|librarian@aju.ac.zw